|
|
|
|
| LEADER |
01277nam a2200301 a 4500 |
| 001 |
000683581 |
| 003 |
CZ BrMZK |
| 005 |
20150106155536.0 |
| 007 |
ta |
| 008 |
030825s1955 xr f cze d |
| 015 |
|
|
|a cnb000717234
|
| 035 |
|
|
|a (OCoLC)85441750
|
| 040 |
|
|
|a BOA001
|b cze
|c BOA001
|
| 041 |
1 |
|
|a cze
|h eng
|
| 100 |
1 |
|
|a Fast, Howard,
|d 1914-2003
|7 jn19981001038
|4 aut
|
| 245 |
1 |
0 |
|a Utrpení Sacca a Vanzettiho :
|b legenda z Nové Anglie /
|c Howard Fast ; z anglického originálu ... přeložil, doslov napsal a vysvětlivkami opatřil František Vrba
|
| 250 |
|
|
|a 1. vyd.
|
| 260 |
|
|
|a Praha :
|b Státní nakladatelství krásné literatury, hudby a umění,
|c 1955
|
| 300 |
|
|
|a 200 s.
|
| 490 |
1 |
|
|a Soudobá světová próza ;
|v sv. 25
|
| 500 |
|
|
|a Přeloženo z angličtiny
|
| 700 |
1 |
|
|a Vrba, František,
|d 1920-1985
|7 jk01150960
|4 trl
|
| 765 |
0 |
|
|t Passion of Sacco and Vanzetti
|9 Česky
|
| 830 |
|
0 |
|a Soudobá světová próza (Státní nakladatelství krásné literatury, hudby a umění)
|0 s
|
| 910 |
|
|
|a BOA001
|b PK-0009.596
|b 2-0336.703
|
| 990 |
|
|
|a BK
|
| 996 |
6 |
|
|b 2618990473
|c 2-0336.703
|l MZK
|r Sklad / do 24 hodin
|n 0
|w 000683581
|u 000020
|a 1
|e BOA001
|j MZK50
|s P
|
| 996 |
7 |
|
|b 3119639585
|c PK-0009.596
|l MZK
|r Sklad / do 1 hodiny
|n 5
|w 000683581
|u 000010
|a 1
|e BOA001
|j MZK50
|s A
|